Literatura. Cuarto año de educación secundaria
Guardado en:
| Formato: | Desconocido |
|---|---|
| Lenguaje: | español |
| Publicado: |
Lima
Bruño
|
| Catálogo: | MANES: Resultados de Búsqueda del Catálogo |
| Clasificación de libros de texto: |
|
| Etiquetas: |
Agregar Etiqueta
Sin Etiquetas, Sea el primero en etiquetar este registro!
|
| Añadido a: | 2016-04-26 |
| Cambiado en: | 2024-11-20 |
MARC
| LEADER | 000000000a22000000004500 | ||
|---|---|---|---|
| 001 | 01175 | ||
| 003 | OSt | ||
| 005 | 20241121020104.0 | ||
| 008 | 160427s sp ||||| |||| 00| 0 spa d | ||
| 040 | |c centro_manes | ||
| 691 | 0 | |a SE | |
| 245 | 0 | 0 | |a Literatura. Cuarto año de educación secundaria |
| 260 | 3 | |a Lima |b Bruño | |
| 300 | |a 182 p. |c 21x16 cm | ||
| 500 | |a Bruño de América | ||
| 690 | 0 | |a LEN | |
| 942 | |2 ddc |c BK | ||
| 546 | |a España | ||
| 999 | |c 7149 |d 7149 | ||
| 999 | |c manes:7149 |d 7149 | ||